Central Library OPAC University of Rajshahi

বঙ্কিমচন্দ্রের ট্র্যাজেডি-চেতনা / (Record no. 73926)

MARC details
000 -LEADER
fixed length control field 01063nam a2200241 a 4500
001 - CONTROL NUMBER
control field 73926
003 - CONTROL NUMBER IDENTIFIER
rucl marc code BD-RjUL
005 - DATE AND TIME OF LATEST TRANSACTION
control field 20211209082449.0
008 - FIXED-LENGTH DATA ELEMENTS--GENERAL INFORMATION
fixed length control field 170219s1973 ii |||| |||| 000 0 ben d
020 ## - INTERNATIONAL STANDARD BOOK NUMBER
Terms of availability : TK. 25.00
035 ## - SYSTEM CONTROL NUMBER
System control number (BD-RjUL)64851
040 ## - CATALOGING SOURCE
Original cataloging agency BD-RjUL
Language of cataloging ben
Transcribing agency BD-RjUL
Modifying agency BD-RjUL
041 ## - LANGUAGE CODE
Language code of text/sound track or separate title ben
082 ## - DEWEY DECIMAL CLASSIFICATION NUMBER
Edition number 23
Classification number 891.4409162
Author mark and year MUB 1975
100 ## - MAIN ENTRY--PERSONAL NAME
Personal name মুখোপাধ্যায়, জীবনকুমার
9 (RLIN) 219086
245 1# - TITLE STATEMENT
Title বঙ্কিমচন্দ্রের ট্র্যাজেডি-চেতনা /
Statement of responsibility, etc. জীবনকুমার মুখোপাধ্যায়
260 ## - PUBLICATION, DISTRIBUTION, ETC. (IMPRINT)
Place of publication, distribution, etc. কলিকাতা :
Name of publisher, distributor, etc. সাহিত্যশ্রী ;
Date of publication, distribution, etc. ১৯৭৫ [১৩৮২]
300 ## - PHYSICAL DESCRIPTION
Pagination [১৪], ২৩১ পৃ. ;
Size ১৯ সোম.
600 ## - SUBJECT ADDED ENTRY--PERSONAL NAME
General subdivision Bengali Litrature
650 ## - SUBJECT ADDED ENTRY--TOPICAL TERM
Topical term or geographic name as entry element বাংলা সাহিত্য
Form subdivision ট্র্যাজেডি
General subdivision ইতিহাস ও সমালোচনা
9 (RLIN) 219088
Topical term or geographic name as entry element Bengali Literature
Form subdivision Tragedy
General subdivision History and Criticism
9 (RLIN) 219089
942 ## - ADDED ENTRY ELEMENTS (KOHA)
Source of classification or shelving scheme Dewey Decimal Classification
Koha item type Books
Holdings
Lost status Source of classification or shelving scheme Damaged status Not for loan Collection code Permanent Location Current Location Shelving location Date acquired Source of acquisition Cost, normal purchase price Total Checkouts Full call number Date last seen Copy number Koha item type
  Dewey Decimal Classification   Not For Loan Fiction Central Library, University of Rajshahi Central Library, University of Rajshahi Reading Room 21/11/1979 India international , Calcutta 20.00   B 891.4409162 MUB 1975 20/08/2017 C-1 Books
  Dewey Decimal Classification     Fiction Central Library, University of Rajshahi Central Library, University of Rajshahi   21/11/1979 India international, Calcutta 20.00   B 891.4409162 MUB 1975 30/10/2018 C-2 Books